00628nam 2200169 45000010005000001000041000051010008000462000163000542100047002172150034002646060027002986060026003256060015003516080014003667100058003808010020004386085 a20190729k u||y0frey50 ba aeng aThe World Uranium Hearing, September 13-18. 1992 at the historic Residency and at the old University of Salzburg, AustriabBrochurefThe World Uranium Hearing aMünchencThe World Uranium Hearingd1992 a1 chemise (6 f.)cill.d31 cm aNucléaire (Armement) aNucléaire (Energie) aÉcologie aCongrès aWorld Uranium HearingeSalzburgf13-19 September 1992 aCHbCH-002049-8